000 00229nam a22000857a 4500
008 160805b xxu||||| |||| 00| 0 eng d
100 _943
_aRangarajan R
245 _aTogether with Physics-XI
260 _aNew Delhi
_bR.S Publication
_c2003
999 _c2695
_d2695